Политический терроризм - новая угроза; Прогрессивные технологии и экономика в машиностроении

Bibliographische Detailangaben
Parent link:Прогрессивные технологии и экономика в машиностроении.— 2003.— С. 360-361
1. Verfasser: Пономарев В. А. Владимир Алексеевич
Sprache:Russisch
Veröffentlicht: 2003
Schlagworte:
Format: MixedMaterials Buchkapitel
KOHA link:https://koha.lib.tpu.ru/cgi-bin/koha/opac-detail.pl?biblionumber=112422

MARC

LEADER 00000naa2a2200000 4500
001 112422
005 20231101215047.0
035 |a (RuTPU)RU\TPU\book\121549 
090 |a 112422 
100 |a 20070328d2003 k y0rusy50 ca 
101 0 |a rus 
102 |a RU 
200 1 |a Политический терроризм - новая угроза  |f В. А. Пономарёв 
463 0 |0 (RuTPU)RU\TPU\book\63552  |y 5-98298-035-8  |t Прогрессивные технологии и экономика в машиностроении  |o труды Всероссийской научно-практической конференции, Юрга, 24-25 апреля 2003 г.  |f Томский политехнический университет; Филиал ТПУ в Юрге; Отв. ред. Б. Г. Долгун  |v С. 360-361  |d 2003  |p 374 с. 
610 1 |a терроризм 
610 1 |a политический терроризм 
610 1 |a международный терроризм 
610 1 |a антитеррористическая стратегия 
610 1 |a труды учёных ТПУ 
700 1 |a Пономарев  |b В. А.  |c специалист в области организации высшего профессионального образования, писатель  |c доцент Юргинского технологического института (филиала) Томского политехнического университета  |f 1959-  |g Владимир Алексеевич  |2 stltpush  |3 (RuTPU)RU\TPU\pers\24506  |9 10825 
801 1 |a RU  |b 63413507  |c 20070328  |g PSBO 
801 2 |a RU  |b 63413507  |c 20161003  |g RCR 
942 |c BK